000 00614nam a2200217Ii 4500
001 14600
003 CO-ViMGA
008 241108s9999||||xx |||||||||||||| ||und||
020 _a9789584215987 (1
040 _aCO-ViMGA
_bspa
_erda
_cCO-ViMGA
041 0 _aspa
082 0 4 _a814.4420 A11m
100 1 _aHéctor Abad Faciolince
_947664
245 1 0 _aManual de tolerancia
264 1 _aBogotá, Colombia : Planeta, 2007
300 _avolumen
336 _atext
_btxt
_2rdacontent
337 _aunmediated
_bn
_2rdamedia
338 _avolume
_bnc
_2rdacarrier
940 _aidficha_siabuc: 14292. -- ficha_no_siabuc:14600
999 _c42267
_d42267